Statistics for Battlefield Gaming Franchise

Click here to take the quiz!

General Stats

  • This quiz has been taken 70 times
  • The average score is 10 of 11

Answer Stats

HintGame% Correct
Fight your way through battles going from urban combat in a besieged French city to open spaces in the Italian Alps or frantic combats in the Arabic sand dunes. Experience large-scale battles as infantry or piloting vehicles on land, air and sea, from the tanks and bikes on the ground, to bi-planes and gigantic battleships.Battlefield 1
100%
Set during modern wartime, a group of soldiers must stick together to survive.Battlefield 2
100%
Enter mankind's greatest conflict as the series goes back to its roots with a never-before-seen portrayal of World War 2.Battlefield V
100%
Players once again step into the role of the U.S. Marines. They will experience nail biting single player missions and competitive multiplayer action ranging from areas across the world.Battlefield 4
98%
Step into the role of the elite U.S. Marines and experience heart-pounding single player missions and competitive multiplayer action ranging across diverse locations from around the globe.Battlefield 3
97%
Criminals and police officers fighting for and against the law.Battlefield: Hardline
85%
Players are dropped into the middle of a World War II battlefield and forced to find a path to victory both for them and for the soldiers on their side.Battlefield: 1942
83%
As part of a doomed yet light hearted quartet of misfit army men, fight your way through a war torn countryside in single or multiplayer campaigns.Battlefield: Bad Company
82%
Set in 2142, two military superpowers - the European Union and Pan Asian Coalition battle for the remaining unfrozen land during a new Ice Age in "The Cold War of the 22nd Century".Battlefield 2142
80%
Bravo 2 are back, and are wanting to go home more than ever.Battlefield: Bad Company 2
80%
The second installment in the Battlefield series takes you to the jungles of Vietnam. You must use guns, grenades, tanks, helicopters, and more to win the war against the NVA and the Viet Cong.Battlefield: Vietnam
75%

Score Distribution

Percentile by Number Answered

Percent of People with Each Score

Your Score History

You have not taken this quiz